00993nam a2200253 a 450000100100000000500170001000800410002704000250006808200200009310000410011324500500015426000360020430000280024050000430026865000310031165000300034265000310037265000290040391000390043204900090047195201180048095201240059899900170072200001332220260303133933.0091123s1986 dr a 000 h spa d aDO-SdBNPbspacBNPHU aRD867.44bP438c1 aPérez, Mario Emilio,d1935-92218310aCuentos de vividores /cMario Emilio Pérez. aSanto Domingo :bTaller,c1986. a110 p. :bil. ;c20 cm. aIncluye datos biográficos del autor. 4aSátira dominicana922186 0aHumorismo dominicano9275 0aLiteratura dominicana.967 0aCuentos dominicanos9176 aValidado. Control de calidad BNPHU aBNPD 0010718PDaPDbPDcHDd2009-11-23iLF1l0oRD867.44 P438cp13322-10r2020-06-25w2020-06-25yLFPDZNo se presta 0010718PDaPDbPDcHDd2009-11-23iLF1l0oRD867.44 P438cp13322-20r2020-06-25te. 2w2020-06-25yLFPDZNo se presta c12951d12951